Normal view
MARC view
- قواعد اللغة العربية-الاعراب
Entry Topical Term
001 - CONTROL NUMBER
- control field: 35035
003 - CONTROL NUMBER IDENTIFIER
- control field: JO-AjAnu
005 - DATE AND TIME OF LATEST TRANSACTION
- control field: 20230606075849.0
008 - FIXED-LENGTH DATA ELEMENTS
- fixed length control field: 230606|| aca||aabn | a|a d
040 ## - CATALOGING SOURCE
- Original cataloging agency: JO-AjAnu
- Transcribing agency: JO-AjAnu
150 ## - HEADING--TOPICAL TERM
- Topical term or geographic name entry element: قواعد اللغة العربية-الاعراب
670 ## - SOURCE DATA FOUND
- Source citation: Work cat.: (JO-AjAnu)17991: تاليف رضا، علي, author 35034, المختارفي القواعد والإعراب كتاب وضع للمثقفين كافة